[Event "Gorges op 22th"]
[Site "Gorges"]
[Date "2012.07.08"]
[Round "1"]
[White "Riviere, Xavier"]
[Black "Delinotte, Bernard"]
[Result "0-1"]
[WhiteElo "1627"]
[BlackElo "1326"]
[PlyCount "112"]
[EventDate "2012.07.08"]
[EventType "swiss"]
[EventRounds "7"]
[EventCountry "FRA"]
[SourceTitle "CBM 149 Extra"]
[Source "ChessBase"]
[SourceDate "2012.08.24"]
[SourceVersion "1"]
[SourceVersionDate "2012.08.24"]
[SourceQuality "1"]

1. e4 e5 2. Nf3 Nc6 3. d4 exd4 4. Bc4 h6 5. c3 dxc3 6. Nxc3 Bb4 7. Bd2 Nge7 8. a3 Ba5 9. b4 Bb6 10. b5 Na5 11. Ba2 0-0 12. Ne5 d6 13. Ng4 Be6 14. Qa4 Bxa2 15. Nxa2 Re8 16. Bxa5 Ng6 17. Bc3 Qg5 18. f3 d5 19. Bd2 Nf4 20. Kf1 Rad8 21. g3 dxe4 22. Bxf4 Qc5 23. Be3 Qd6 24. Qb3 h5 25. Bf4 Qd4 26. Be5 Qc5 27. Qc3 hxg4 28. Qxc5 Bxc5 29. Bxc7 Rd7 30. Bf4 gxf3 31. Nc3 Bd4 32. Rd1 Red8 33. Nxe4 f5 34. Ng5 f2 35. Ne6 Bb6 36. Rxd7 Rxd7 37. Kg2 Re7 38. Bc7 Rxe6 39. Bxb6 Rxb6 40. a4 Re6 41. Kxf2 Re4 42. a5 Rb4 43. b6 axb6 44. axb6 Rxb6 45. Kf3 Kf7 46. h4 g6 47. h5 gxh5 48. Rxh5 Kg6 49. Rh8 Rb5 50. Rg8+ Kf7 51. Rd8 Ke7 52. Rg8 Rb4 53. Ke3 Rg4 54. Rxg4 fxg4 55. Kf4 b5 56. Kxg4 b4 0-1

[Event "Angers op 7th"]
[Site "Angers"]
[Date "2012.04.20"]
[Round "1"]
[White "Egreteau, Eric"]
[Black "Riviere, Xavier"]
[Result "1-0"]
[WhiteElo "2056"]
[BlackElo "1654"]
[PlyCount "91"]
[EventDate "2012.04.20"]
[EventType "swiss"]
[EventRounds "6"]
[EventCountry "FRA"]
[SourceTitle "CBM 148 Extra"]
[Source "ChessBase"]
[SourceDate "2012.06.22"]
[SourceVersion "1"]
[SourceVersionDate "2012.06.22"]
[SourceQuality "1"]

1. e4 Nf6 2. d3 e5 3. c3 d5 4. Nd2 Bd6 5. Be2 c5 6. Qc2 Nc6 7. Ngf3 Bd7 8. 0-0 0-0 9. Re1 Rc8 10. Bf1 Re8 11. h3 Ne7 12. g3 Bc6 13. Bg2 b5 14. Nh4 b4 15. Nf1 h6 16. c4 dxe4 17. dxe4 Qa5 18. b3 Nh7 19. Ne3 Nf8 20. Nd5 Ne6 21. Bb2 Nd4 22. Qd3 Kh7 23. Rf1 Ng6 24. Nf5 Bf8 25. Kh2 Kg8 26. Bc1 Nxf5 27. exf5 Ne7 28. Nxe7+ Bxe7 29. Bxc6 Rxc6 30. Qe4 Qc7 31. Bb2 Bf6 32. Rad1 Rd6 33. Rd5 Rxd5 34. cxd5 Qd6 35. Re1 Qa6 36. Ra1 Qd6 37. a4 a5 38. Re1 Qb6 39. Kg2 Qd6 40. Re2 Kf8 41. f4 Qc7 42. fxe5 Bd8 43. e6 Qb7 44. Qc4 Bb6 45. Kh2 Rd8 46. e7+ 1-0

[Event "Cholet-F"]
[Site "Cholet"]
[Date "2012.02.24"]
[Round "7"]
[White "Riviere, Xavier"]
[Black "Bousseffa, Sadok"]
[Result "1-0"]
[WhiteElo "1637"]
[BlackElo "1667"]
[PlyCount "59"]
[EventDate "2012.02.18"]
[EventType "tourn"]
[EventRounds "7"]
[EventCountry "FRA"]
[SourceTitle "EXT 2013"]
[Source "ChessBase"]
[SourceDate "2012.11.22"]
[SourceVersion "1"]
[SourceVersionDate "2012.11.22"]
[SourceQuality "1"]

1. e4 d5 2. exd5 Qxd5 3. Nc3 Qa5 4. d4 Nf6 5. Bd2 c6 6. Bc4 Bf5 7. Nf3 e6 8. Qe2 Bb4 9. 0-0 Nbd7 10. a3 Bd6 11. Nb5 Bxh2+ 12. Nxh2 Qb6 13. Nd6+ Kf8 14. Nxf5 exf5 15. Bb4+ Kg8 16. Bc3 Qc7 17. Bd3 g6 18. Qf3 Qd6 19. Rfe1 Kg7 20. Re2 Nb6 21. Rae1 Nbd5 22. Bd2 Rad8 23. c4 Nc7 24. Bf4 Qxd4 25. Bxc7 Qxd3 26. Bxd8 Qxd8 27. Qc3 Rf8 28. Rd2 Qc7 29. Qe5 Qb6 30. Rd6 1-0

[Event "Cholet-F"]
[Site "Cholet"]
[Date "2012.02.23"]
[Round "6"]
[White "Hocher, Eugene"]
[Black "Riviere, Xavier"]
[Result "1-0"]
[WhiteElo "1755"]
[BlackElo "1637"]
[PlyCount "57"]
[EventDate "2012.02.18"]
[EventType "tourn"]
[EventRounds "7"]
[EventCountry "FRA"]
[SourceTitle "EXT 2013"]
[Source "ChessBase"]
[SourceDate "2012.11.22"]
[SourceVersion "1"]
[SourceVersionDate "2012.11.22"]
[SourceQuality "1"]

1. d4 Nf6 2. Nf3 c5 3. d5 d6 4. c4 b5 5. cxb5 a6 6. b6 Qxb6 7. Nc3 g6 8. e4 Bg7 9. Bd3 0-0 10. h3 e6 11. 0-0 exd5 12. exd5 Bb7 13. Bc4 Nbd7 14. Rb1 Qc7 15. a3 Nb6 16. Ba2 c4 17. Bf4 Nfxd5 18. Nxd5 Nxd5 19. Bg3 Rfd8 20. Qe2 c3 21. Rfc1 Qa5 22. Qd3 cxb2 23. Rd1 Nc3 24. Bxf7+ Kh8 25. Rxb2 Be4 26. Qd2 Qxa3 27. Rb3 Qa5 28. Nd4 Bxd4 29. Qxd4+ 1-0

[Event "Cholet-F"]
[Site "Cholet"]
[Date "2012.02.20"]
[Round "3"]
[White "Riviere, Xavier"]
[Black "Broin, Christian"]
[Result "1-0"]
[WhiteElo "1637"]
[BlackElo "1753"]
[PlyCount "79"]
[EventDate "2012.02.18"]
[EventType "tourn"]
[EventRounds "7"]
[EventCountry "FRA"]
[SourceTitle "EXT 2013"]
[Source "ChessBase"]
[SourceDate "2012.11.22"]
[SourceVersion "1"]
[SourceVersionDate "2012.11.22"]
[SourceQuality "1"]

1. e4 e6 2. d4 d5 3. Nc3 Bb4 4. e5 c5 5. a3 Bxc3+ 6. bxc3 Qc7 7. Qg4 f5 8. Qg3 cxd4 9. cxd4 Nc6 10. Nf3 Nge7 11. Bd2 Bd7 12. c4 0-0 13. Rc1 Ng6 14. Bd3 Qd8 15. h4 Kh8 16. h5 Nge7 17. h6 g6 18. Bg5 Qe8 19. Bf6+ Rxf6 20. exf6 Ng8 21. Qh4 Qf8 22. cxd5 exd5 23. Ne5 Nxf6 24. Kf1 Re8 25. Re1 Bc8 26. Rh3 Ne4 27. f3 Nxe5 28. dxe5 Rxe5 29. Qf4 Re8 30. fxe4 fxe4 31. Rh4 Qe7 32. Kg1 g5 33. Qe3 gxh4 34. Qd4+ Qe5 35. Qxa7 h3 36. Bf1 hxg2 37. Bxg2 Rg8 38. Qe3 Bf5 39. Rf1 d4 40. Rxf5 1-0

[Event "Gorges op 18th"]
[Site "Gorges"]
[Date "2008.07.??"]
[Round "7"]
[White "Riviere, Xavier"]
[Black "Lebedel, Marc"]
[Result "1-0"]
[WhiteElo "1804"]
[BlackElo "1631"]
[PlyCount "37"]
[EventDate "2008.07.??"]
[EventType "swiss"]
[EventRounds "7"]
[EventCountry "FRA"]
[SourceTitle "CBM 125 Extra"]
[Source "ChessBase"]
[SourceDate "2008.09.01"]
[SourceVersion "1"]
[SourceVersionDate "2008.09.01"]
[SourceQuality "1"]

1. e4 e5 2. Nf3 Nc6 3. d4 exd4 4. Bc4 Be7 5. c3 d6 6. Qb3 Be6 7. Bxe6 fxe6 8. Qxb7 Qd7 9. Qxa8+ Bd8 10. Nxd4 Ne5 11. f4 Nd3+ 12. Kd2 Nc5 13. Qc6 Nxe4+ 14. Qxe4 d5 15. Qxe6+ Ne7 16. Re1 c5 17. Nc6 Qc7 18. g3 Rf8 19. Nxe7 1-0

[Event "Nantes op 7th"]
[Site "Nantes"]
[Date "2008.??.??"]
[Round "4"]
[White "Riviere, Xavier"]
[Black "Denous, Cyprien"]
[Result "1/2-1/2"]
[WhiteElo "1764"]
[BlackElo "2021"]
[PlyCount "94"]
[EventDate "2008.12.26"]
[EventType "swiss"]
[EventRounds "9"]
[EventCountry "FRA"]
[SourceTitle "CBM 128 Extra"]
[Source "ChessBase"]
[SourceDate "2009.03.05"]
[SourceVersion "2"]
[SourceVersionDate "2009.03.25"]
[SourceQuality "1"]

1. e4 Nf6 2. e5 Nd5 3. d4 d6 4. Nf3 dxe5 5. Nxe5 c6 6. c4 Nb4 7. a3 Qxd4 8. Nxf7 Qxd1+ 9. Kxd1 Kxf7 10. axb4 Bf5 11. b5 e6 12. Be3 cxb5 13. cxb5 Nd7 14. Bc4 Ne5 15. Nd2 Bb4 16. Be2 Rhd8 17. Ra4 Bxd2 18. Bxd2 Rd7 19. Ke1 Bd3 20. Bc3 Bxe2 21. Kxe2 Rd5 22. Rha1 Rxb5 23. Rxa7 Rxa7 24. Rxa7 Nc6 25. Ra4 g5 26. h4 h5 27. hxg5 Rxg5 28. Rf4+ Rf5 29. Rh4 e5 30. g4 hxg4 31. Rxg4 Ke6 32. Ke3 Rf7 33. f4 exf4+ 34. Rxf4 Rxf4 35. Kxf4 Kd5 36. Ke3 Kc4 37. Ke4 b5 38. Ke3 Ne7 39. Kd2 Kb3 40. Kc1 Nc8 41. Kb1 Nb6 42. Bf6 Nc4 43. Bc3 Na3+ 44. Kc1 Nc4 45. Kb1 Na3+ 46. Kc1 Nc4 47. Kb1 Na3+ 1/2-1/2

[Event "Gorges op 17th"]
[Site "Gorges"]
[Date "2007.??.??"]
[Round "7"]
[White "Gallant, Jeremy"]
[Black "Riviere, Xavier"]
[Result "1/2-1/2"]
[WhiteElo "1680"]
[BlackElo "1841"]
[PlyCount "94"]
[EventDate "2007.07.08"]
[EventType "swiss"]
[EventRounds "7"]
[EventCountry "FRA"]
[SourceTitle "CBM 119 Extra"]
[Source "ChessBase"]
[SourceDate "2007.09.04"]
[SourceVersion "1"]
[SourceVersionDate "2007.09.04"]
[SourceQuality "1"]

1. e4 c5 2. Nf3 Nc6 3. d4 cxd4 4. Nxd4 Nf6 5. Nc3 e5 6. Ndb5 d6 7. Bg5 a6 8. Na3 b5 9. Nd5 Be7 10. Bxf6 Bxf6 11. Bxb5 axb5 12. Nxb5 Ra4 13. Ndc7+ Ke7 14. Nd5+ Kf8 15. Nxf6 gxf6 16. Qxd6+ Qxd6 17. Nxd6 Be6 18. a3 Rd4 19. Rd1 Rg8 20. Rg1 Bh3 21. g3 Bg4 22. Rd2 Bf3 23. c3 Rxd2 24. Kxd2 Ke7 25. Nf5+ Ke6 26. Ke3 Bg4 27. Nh6 Rg6 28. Nxg4 Rxg4 29. Rd1 Na5 30. Kf3 Rg8 31. b4 Nc4 32. a4 Nb2 33. Ra1 Rc8 34. Ra3 Nd1 35. Ra2 Nxc3 36. Rc2 Kd7 37. a5 Nb5 38. Rxc8 Kxc8 39. Kg4 Nd4 40. b5 Nxb5 41. Kf5 Nd6+ 42. Kxf6 Nxe4+ 43. Kxe5 Nxf2 44. Kf6 Ng4+ 45. Kxf7 Nxh2 46. Kg7 h5 47. Kg6 Nf1 1/2-1/2

[Event "Angers op 1st"]
[Site "Angers"]
[Date "2006.05.08"]
[Round "6"]
[White "Riviere, Xavier"]
[Black "Delaitre, Frederic"]
[Result "1/2-1/2"]
[WhiteElo "1650"]
[BlackElo "1068"]
[PlyCount "95"]
[EventDate "2006.05.06"]
[EventType "swiss"]
[EventRounds "6"]
[EventCountry "FRA"]
[SourceTitle "EXT 2007"]
[Source "ChessBase"]
[SourceDate "2006.11.23"]
[SourceVersion "1"]
[SourceVersionDate "2006.11.23"]
[SourceQuality "1"]

1. e4 e6 2. d4 d5 3. Nc3 dxe4 4. Nxe4 Nd7 5. Nf3 Ngf6 6. Ng3 Be7 7. Bd3 0-0 8. 0-0 c5 9. Re1 cxd4 10. Nxd4 Re8 11. b3 Bb4 12. Rf1 Ne5 13. Bb2 Nxd3 14. Qxd3 e5 15. Qc4 Ba5 16. Ndf5 Be6 17. Qh4 Nd7 18. Qa4 Bc7 19. Rad1 Qc8 20. Ba3 Nb6 21. Qe4 Qb8 22. Nh5 Bxf5 23. Qxf5 Rd8 24. Qg5 g6 25. Be7 Rd6 26. Nf6+ Rxf6 27. Bxf6 Qf8 28. Rfe1 Re8 29. Bxe5 Rxe5 30. Rxe5 f6 31. Qg4 Bxe5 32. Qe4 Qb8 33. h3 Kg7 34. Qb4 Qc7 35. c4 Qf7 36. a4 Nc8 37. Qc5 Qe8 38. Qb4 b6 39. a5 Qc6 40. axb6 axb6 41. Rd5 Kf7 42. Qd2 Ke6 43. Qh6 Qc7 44. Qf8 Ne7 45. Rd3 f5 46. Qh6 Nc6 47. Qf8 Nd4 48. Qg8+ 1/2-1/2

[Event "Angers op 1st"]
[Site "Angers"]
[Date "2006.05.06"]
[Round "2"]
[White "Riviere, Xavier"]
[Black "Lacorre, Benoit"]
[Result "1-0"]
[WhiteElo "1650"]
[BlackElo "1460"]
[PlyCount "67"]
[EventDate "2006.05.06"]
[EventType "swiss"]
[EventRounds "6"]
[EventCountry "FRA"]
[SourceTitle "EXT 2007"]
[Source "ChessBase"]
[SourceDate "2006.11.23"]
[SourceVersion "1"]
[SourceVersionDate "2006.11.23"]
[SourceQuality "1"]

1. e4 c5 2. Nf3 Nc6 3. d4 cxd4 4. Nxd4 g6 5. Be3 Bg7 6. f3 Nf6 7. Qd2 h6 8. g4 d6 9. Bc4 Nd7 10. Nc3 a6 11. h4 Nde5 12. Be2 Na5 13. h5 g5 14. b3 Bd7 15. Nf5 Bxf5 16. gxf5 Rc8 17. Bd4 Nac6 18. Kf2 Nxd4 19. Kg2 Nxe2 20. Nxe2 Nd7 21. Rad1 Qc7 22. c4 0-0 23. f4 f6 24. Nd4 Nc5 25. Rde1 d5 26. exd5 Qxf4 27. Qxf4 gxf4 28. Rxe7 Rfe8 29. Rhe1 Kf8 30. d6 Rcd8 31. b4 Kg8 32. Rxe8+ Rxe8 33. Rxe8+ Kf7 34. Re7+ 1-0

[Event "FRA-chT2W 0203"]
[Site "France"]
[Date "2002.11.16"]
[Round "2"]
[White "Riviere, Xavier"]
[Black "Tatard, Marie"]
[Result "0-1"]
[WhiteElo "1630"]
[BlackElo "2030"]
[PlyCount "106"]
[EventDate "2002.10.??"]
[EventType "team"]
[EventRounds "11"]
[EventCountry "FRA"]
[SourceTitle "EXT 2004"]
[Source "ChessBase"]
[SourceDate "2003.11.25"]
[SourceVersion "1"]
[SourceVersionDate "2003.11.25"]
[SourceQuality "1"]
[WhiteTeam "Nantes"]
[BlackTeam "Evry"]
[WhiteTeamCountry "FRA"]
[BlackTeamCountry "FRA"]

1. e4 e6 2. d4 d5 3. Nc3 Nf6 4. Bg5 Be7 5. e5 Nfd7 6. h4 a6 7. Qg4 g6 8. Nf3 Bxg5 9. hxg5 c5 10. Qg3 Qb6 11. 0-0-0 Nc6 12. dxc5 Qxc5 13. Rh4 Ne7 14. Bd3 b5 15. Nd2 d4 16. Nb3 Qxe5 17. Qxe5 Nxe5 18. Nxd4 Bb7 19. Be4 Bxe4 20. Nxe4 Nd5 21. Rdh1 Rd8 22. Nb3 Kf8 23. Rxh7 Rxh7 24. Rxh7 Kg8 25. Rh4 Rc8 26. Nf6+ Nxf6 27. gxf6 Nd3+ 28. Kd2 Nxb2 29. Rd4 Nc4+ 30. Kc1 a5 31. Rd7 e5 32. Rb7 a4 33. Nd2 Na3 34. Kd1 Rd8 35. Kc1 Rc8 36. Kd1 Nxc2 37. Rxb5 Na3 38. Rxe5 Rb8 39. Re4 Nb5 40. Kc2 Rc8+ 41. Rc4 Na3+ 42. Kd3 Nxc4 43. Nxc4 Rc6 44. Kc3 Rxf6 45. f3 Re6 46. g4 Re2 47. a3 Rf2 48. Nd2 Kg7 49. Kd3 Rg2 50. Kc3 Kf6 51. Ne4+ Ke5 52. Nc5 Rg3 53. Nxa4 Rxf3+ 0-1